| 000 | 01245nam a2200349 i 4500 | ||
|---|---|---|---|
| 001 | 16158770 | ||
| 003 | EG-ScBUE | ||
| 005 | 20230215042556.0 | ||
| 008 | 100329s2011 enka f b 001 0 eng d | ||
| 020 | _a9780415587310 | ||
| 040 |
_aDLC _beng _erda _cDLC _dDLC _dEG-ScBUE |
||
| 043 | _ad------ | ||
| 082 | 0 | 4 |
_a338.91091724 _222 _bCOL |
| 100 | 1 |
_aCollier, Paul, _eauthor. |
|
| 245 | 1 | 0 |
_aConflict, political accountability and aid / _cPaul Collier. |
| 264 | 1 |
_aLondon ; _aNew York : _bRoutledge, _c2011. |
|
| 300 |
_axx, 388 pages : _billustrations ; _c25 cm |
||
| 336 |
_2rdacontent _atext _btxt |
||
| 337 |
_2rdamedia _aunmediated _bn |
||
| 338 |
_2rdacarrier _avolume _bnc |
||
| 504 | _aIncludes bibliographical references and index. | ||
| 650 | 7 |
_aDevelopment economics. _2BUEsh |
|
| 650 | 7 |
_aEconomic assistance _zDeveloping countries. _2BUEsh |
|
| 650 | 7 |
_aCivil War _xEconomic aspects _zDeveloping countries. _2BUEsh |
|
| 650 | 7 |
_aDemocracy _zDeveloping countries. _2BUEsh |
|
| 653 |
_bBUSBOL _cFebruary2023 |
||
| 655 | _vReading book | ||
| 906 |
_a7 _bcbc _corignew _d1 _eecip _f20 _gy-gencatlg |
||
| 942 |
_2ddc _cBB |
||
| 999 |
_c30153 _d30124 |
||